00542nam a2200145Ia 4500008004100000100002800041245009300069245008200162260003900244260000900283300001200292650001800304650001500322856005900337170221s9999 xx 000 0 und d aStarling D. Hunter III. aMoneyball for TV: A Model for Forecasting the Audience of New Dramatic Television Series cStarling D. Hunter III, Ravi Chinta, Susan Smith, Awais Shamim, Alya Bawazir. bStudies in Media and Communication c2014 aXII : 1 xCommunication xMedia Arts uhttp://redfame.com/journal/index.php/smc/issue/view/75